Interspecific crosses in the genus Hevea: A preliminary progeny test of SALB resistant dwarf hybrids (Record no. 45746)

MARC details
000 -LEADER
fixed length control field 00626nam a2200217Ia 4500
100 ## - MAIN ENTRY--AUTHOR NAME
Personal name Goncalves Paulo de Souza
245 #0 - TITLE STATEMENT
Title Interspecific crosses in the genus Hevea: A preliminary progeny test of SALB resistant dwarf hybrids
260 ## - PUBLICATION, DISTRIBUTION, ETC. (IMPRINT)
Name of publisher Pesquisa Agropecuaria Brsileira
Year of publication 1982
300 ## - PHYSICAL DESCRIPTION
Number of Pages 775-781
650 ## - SUBJECT ADDED ENTRY--TOPICAL TERM
Topical Term Clone
650 ## - SUBJECT ADDED ENTRY--TOPICAL TERM
Topical Term Hevea sp.
650 ## - SUBJECT ADDED ENTRY--TOPICAL TERM
Topical Term Microcyclus ulei
650 ## - SUBJECT ADDED ENTRY--TOPICAL TERM
Topical Term Ortet
650 ## - SUBJECT ADDED ENTRY--TOPICAL TERM
Topical Term Pollination
650 ## - SUBJECT ADDED ENTRY--TOPICAL TERM
Topical Term Progeny test
650 ## - SUBJECT ADDED ENTRY--TOPICAL TERM
Topical Term Selection
700 ## - ADDED ENTRY--PERSONAL NAME
Personal name Fernando Derick M
700 ## - ADDED ENTRY--PERSONAL NAME
Personal name Rossetti Adoaldo Guimaraes
942 ## - ADDED ENTRY ELEMENTS (KOHA)
Koha item type Reprints
Holdings
Withdrawn status Lost status Damaged status Not for loan Home library Current library Date acquired Serial Enumeration / chronology Koha item type
      Reprints RRII Library RRII Library 22/12/2021 Volume 17, Issue 5 Reprints